000 01984nam0a2200373 4500
001 RU\NLR\BIBL_A\011732298
005 20250626120518.0
010 _a978-5-7996-1452-2
_9100
035 _a(NLR Aleph) 011732298
090 _a11533816
_c11533816
100 _a20180618d2015 |||y0rusy50 ca
101 0 _arus
102 _aRU
105 _ay j 000zy
106 _as
135 _acrmn mmmancda
200 1 _aХимия элементов
_bЭлектронный ресурс
_eлабораторный практикум
_fМ. Г. Иванов, В. В. Вайтнер
_gМинистерство образования и науки Российской Федерации Уральский федеральный университет имени первого Президента России Б. Н. Ельцина, [Институт фундаментального образования]
210 _aЕкатеринбург
_cИзд-во Уральского университета
_d2015
215 _a56 с.
230 _aЭлектрон. дан.
300 _aЗагл. с титул. экрана
325 _aКопия доступна в Электрон. б-ке РНБ
337 _aРесурс доступен в Электронной библиотеке РНБ
700 1 _7ca
_8rus
_aИванов
_bМ. Г.
_cд-р хим. наук
_gМихаил Григорьевич
_9146507
_3RU\NLR\AUTH\770146543
701 1 _aВайтнер
_bВ.В.
_gВиталий Владимирович
852 0 0 _aNLR
_jЭБ
942 _cBOOK
980 _aNB
981 1 3 _a(13) Документы, защищенные авторским правом
_b(13) Современная научная, научно-популярная и популярная л